U.S. Geological Survey mentoring program : paired for a powerful science future.

Bibliographic Details
Corporate Author: Geological Survey (U.S.)
Format: Government Document eBook
Language:English
Published: [Reston, Va.] : U.S. Dept. of the Interior, U.S. Geological Survey, [2007]
Edition:Version 1.0.
Series:Fact sheet (Geological Survey (U.S.)) ; 2007-3089.
Subjects:
Online Access:Report:
Summary:

MARC

Tag First Indicator Second Indicator Subfields
LEADER 00000cam a2200000Ia 4500
001 in00002408321
005 20220106090635.0
006 m d f
007 cr mn|||||||||
008 071115s2007 vauab s f000 0 eng d
035 |a (OCoLC)ocn181334809 
040 |a GIS  |c GIS  |d GPO  |d MvI  |d UtOrBLW 
049 |a WWW 
074 |a 0621-L (online) 
086 0 |a I 19.127:2007-3089 
245 0 0 |a U.S. Geological Survey mentoring program :  |b paired for a powerful science future. 
250 |a Version 1.0. 
264 1 |a [Reston, Va.] :  |b U.S. Dept. of the Interior, U.S. Geological Survey,  |c [2007] 
300 |a 5 unnumbered pages :  |b digital, PDF file. 
336 |a text  |b txt  |2 rdacontent 
337 |a computer  |b c  |2 rdamedia 
338 |a online resource  |b cr  |2 rdacarrier 
490 1 |a Fact sheet ;  |v 2007-3089 
538 |a Mode of access: Internet from the USGS web site. Address as of 7/18/08: http://pubs.usgs.gov/fs/2007/3089/pdf/FS07-3089%5F508.pdf ; current access available via PURL. 
500 |a Title from PDF title screen (viewed on July 18, 2008). 
500 |a "November 2007." 
500 |a Electronic resource. 
610 2 0 |a Geological Survey (U.S.)  |x Officials and employees. 
650 0 |a Mentoring in science  |z United States. 
650 0 |a Employees  |x Coaching of. 
776 0 |t U.S. Geological Survey mentoring program--paired for a powerful science future  |h 1 folded sheet ([6] p.)  |w (OCoLC)182821786 
710 2 |a Geological Survey (U.S.) 
830 0 |a Fact sheet (Geological Survey (U.S.)) ;  |v 2007-3089. 
856 4 0 |3 Report:  |u https://purl.fdlp.gov/GPO/LPS97507  |t 0 
856 4 0 |3 Summary:  |u http://pubs.usgs.gov/fs/2007/3089/  |t 0 
999 |a MARS 
999 f f |s 729b86bb-f9f6-336d-a94d-3ebf9e730692  |i 56fbd2eb-8dba-34ff-b590-fb4851067565  |t 0 
952 f f |a Texas A&M University  |b College Station  |c Electronic Resources  |d Available Online  |t 0  |e I 19.127:2007-3089  |h Superintendent of Documents classification 
998 f f |a I 19.127:2007-3089  |t 0  |l Available Online